000 00363nam a2200157Ia 4500
008 160316s1972 xxu||||| |||| 00| 0 eng d
082 _a320.540000
_bGHO
100 _aGhose Sisirkumar
245 _aCrisis of crisis
250 _a
260 _aBangalore
_bBharatiya Vidya Bhavan
_c1972
300 _a90p.
_b
_c
365 _bRs.2/-
650 _a
700 _a
_a
999 _c7276
_d7276